LEADER 00769nam0 2200253 450 001 000020021 005 20180912163037.0 100 $a20081127d1946----km-y0itay50------ba 101 0 $aita 102 $aIT 105 $ay-------001yy 200 1 $a<>contabilità delle imprese industriali$fOliviero Bosisio 210 $aMilano$cPirola$d1946 215 $a428 p.$d24 cm 500 10$a<>contabilità delle imprese industriali$933705 610 1 $aAziende industriali 610 1 $aContabilità 676 $a657.86$v20 700 1$aBosisio,$bOliviero$068410 801 0$aIT$bUNIPARTHENOPE$c20081127$gRICA$2UNIMARC 912 $a000020021 951 $aDEP II 0068$b7727$cNAVA4$d2008 996 $aContabilità delle imprese industriali$933705 997 $aUNIPARTHENOPE